Partitur-Beispiele zu Hector Berlioz' Instrumentationslehre
| Main Author: | Dörffel, Alfred, 1821-1905 |
|---|---|
| Language: | No linguistic content |
| Published: |
Leipzig : Peters, [1890?] |
| Edition: | Autorisierte deutsche Ausg. |
| Physical Description: |
127 s. |
| LEADER | 00769ncm a22002172a 4500 | ||
|---|---|---|---|
| 001 | 001203547 | ||
| 003 | CZ BrMZK | ||
| 005 | 20120717084156.0 | ||
| 007 | qu | ||
| 008 | 120402s1890 gw |||||||||||||||||zxx d | ||
| 040 | |a BOA001 |b cze | ||
| 072 | 7 | |a 785 |x Instrumentální hudba. Symfonická hudba. Hudba pro více nástrojů |2 Konspekt |9 9 | |
| 100 | 1 | |a Dörffel, Alfred, |d 1821-1905 |7 xx0011284 |4 aut | |
| 245 | 1 | 0 | |a Partitur-Beispiele zu Hector Berlioz' Instrumentationslehre |h [hudebnina] / |c Alfred Dörffel |
| 250 | |a Autorisierte deutsche Ausg. | ||
| 260 | |a Leipzig : |b Peters, |c [1890?] | ||
| 300 | |a 127 s. | ||
| 910 | |a BOA001 |b Mus4-0305.623 | ||
| 990 | |a MU | ||
| 991 | |b 201204 | ||
| 996 | 6 | |b 2619564559 |c Mus4-0305.623 |l MZK |r Sklad / do 1 hodiny |n 0 |w 001237152 |u 000010 |a 1 |e BOA001 |j MZK50 |s P | |
English
Čeština 